000 00443cam a2200169ua 4500
001 10820
008 190406n ii |||gr||||Z||||||eng
020 _a9788126918904
040 _cMAIN
082 _a410
100 _aRaj Kumar Sharma,
_eAuthor.
245 _aFundamentals of linguistics
_cBy Raj Kumar Sharma
260 _aNew Delhi:
_bAtlantic publishers and distributors,
_c2014.
300 _a209p.
653 _aLinguistics
942 _cBK
999 _c9780
_d9780